000
00253nam a2200097Ia 4500
008
220204s9999 xx 000 0 und d
082
_a
631.96(058)
_b
UPA
245
0
_a
UPASI planting directory. 1960, 1965, 1969, 1974, 1979
260
_b
UPASI
942
_c
BK
999
_c
20156
_d
20156